000 01134nam a2200193 4500
003 OSt
005 20231101090427.0
008 231101b |||||||| |||| 00| 0 eng d
040 _cLado V
082 _a700
_bG599k
110 _9831
_aGoethe-Institut
_eautor
245 _aKulturchronik/
260 _aAlemania
_bVG Bild-Kunst
_c2003
300 _a55p.
_c15 x 21 cm
490 _a2
_v21
_x0934-1684
505 _tRetrato: Manfred Kock, Obispo Superior de la iglesia Protestante de Alemania
_tArtes Plásticas Lo que amamos perecerá Picasso y la vieja Europa
_tLiteratura Jurek Becker: una vida sin niñez
_tTemas de la época: Como funcionan los imperios
_tMúsica: El compositor Gyorgy Ligeti: un encuentro
_tFotografia: El diccionario de los fotografos Hans-Michael Koetzle: Desde 1900 hasta hoy
_tCine: Crear situaciones de hecho
_tArquitectura y diseño: En busca del ámbito sagrado
_tEducación y Ciencia: Los chinos ávidos de aprender
_tPortada: Diseño: Klaus Winterhager
650 _xPremios - Costa Rica
_xarte - premios
_xmuseos - premios
_xCatálogo de exhibición
_97143
942 _2ddc
_c1
_h700
_iG599k
_n0
999 _c4497
_d4497